00508nam a22001697a 450000500170000001000150001702000260003203500140005803700130007208200060008510000160009124500810010726000500018827000550023830000210029370000240031420180426122646.0 aENG-122676 a9789386338709c299.00 aEN-106208 bDBAD/PUB aN aAnanda Devi aEve out of her ruins /cby Ananda Devi [and] translated by Jeffrey Zuckerman aNew Delhi bSpeaking Tiger Publicationsc2017 a4381/4, Ansari Road, Daryaganj,bNew Delhie110002 a174p.c21cm(pbk) aZuckerman, Jeffrey